000 00674nam a2200193Ia 4500
001 21260
003 GE_BSU
008 181216s||||||||xx |||||||||||||| ||und||
040 _cGE_BSU
245 _aНефтегазовые технологии и аналитика. № 2 Февраль 2017
245 _bНаучно-технический журнал. CD
245 _cГл. ред. Кутасова Н.В.
260 _aМосква
260 _c2017
300 _a86 стр. 29 см. илл. +CD
653 _aНефтегазовые технологии и аналитика. № 2 Февраль 2017
653 _aპერიოდიკა
942 _cCR
999 _c54204
_d54204